Sprite of C and data structures (Record no. 136388)
[ view plain ]
| 000 -LEADER | |
|---|---|
| fixed length control field | 00255nam a2200109Ia 4500 |
| 008 - FIXED-LENGTH DATA ELEMENTS--GENERAL INFORMATION | |
| fixed length control field | 220120s9999||||xx |||||||||||||| ||und|| |
| 082 ## - DEWEY DECIMAL CLASSIFICATION NUMBER | |
| Classification number | 005.1 BAN |
| 100 ## - MAIN ENTRY--PERSONAL NAME | |
| Personal name | Banerjee, Avik |
| 245 #0 - TITLE STATEMENT | |
| Title | Sprite of C and data structures |
| 300 ## - PHYSICAL DESCRIPTION | |
| Other physical details | 0 |
| 650 ## - SUBJECT ADDED ENTRY--TOPICAL TERM | |
| Topical term or geographic name entry element | CIVIL |
| Withdrawn status | Lost status | Damaged status | Not for loan | Collection code | Home library | Current library | Date acquired | Barcode | Date last seen | Price effective from | Koha item type |
|---|---|---|---|---|---|---|---|---|---|---|---|
| Computer Science and Engineering | Central Library | Central Library | 01/20/2022 | GF247 | 01/20/2022 | 01/20/2022 | Gift Books |